2025-2026 NFL TEs - Statistics

General Stats
  • This quiz has been taken 286 times
  • The average score is 24 of 32
Answer Stats
Division Team Answer % Correct
AFC West Chiefs Travis Kelce
97%
NFC West 49ers George Kittle
94%
AFC West Raiders Brock Bowers
92%
NFC East Eagles Dallas Goedert
92%
NFC West Cardinals Trey McBride
92%
AFC North Ravens Mark Andrews
90%
NFC North Lions Sam LaPorta
90%
AFC East Bills Dalton Kincaid
88%
NFC South Falcons Kyle Pitts Sr.
87%
NFC East Cowboys Jake Ferguson
86%
NFC North Vikings T.J. Hockenson
85%
NFC North Packers Tucker Craft
85%
NFC East Commanders Zach Ertz
85%
AFC East Patriots Hunter Henry
84%
NFC North Bears Cole Kmet
82%
NFC South Saints Juwan Johnson
80%
NFC East Giants Theo Johnson
80%
AFC North Browns David Njoku
79%
NFC South Buccaneers Cade Otton
78%
AFC South Colts Tyler Warren
76%
NFC West Rams Tyler Higbee
74%
AFC West Broncos Evan Engram
73%
AFC South Texans Dalton Schultz
70%
AFC East Dolphins Darren Waller
68%
AFC North Steelers Jonnu Smith
64%
NFC West Seahawks AJ Barner
53%
AFC North Bengals Noah Fant
53%
AFC South Jaguars Brenton Strange
51%
AFC South Titans Chig Okonkwo
50%
AFC East Jets Mason Taylor
50%
AFC West Chargers Will Dissly
48%
NFC South Panthers Ja'Tavion Sanders
39%
No matching quizzes found
Score Distribution
Percent of People with Each Score
Percentile by Number Answered
Your Score History
You have not taken this quiz